[Event "Ligue elite du dimanche - S10"]
[Site "Montreal CAN"]
[Date "2019.03.24"]
[Round "4"]
[White "Tanaka, Tyler"]
[Black "Zhong, Kevin"]
[Result "1/2-1/2"]
[WhiteElo "2274"]
[BlackElo "2169"]
[PlyCount "142"]
[EventDate "2019.02.10"]
[EventType "team"]
[EventRounds "5"]
[EventCountry "CAN"]
[WhiteTeam "Rybkaz"]
[BlackTeam "Puzzle Rushers"]

1. Nf3 d5 2. g3 Bg4 3. Bg2 Nd7 4. O-O Ngf6 5. c4 c6 6. d3 e5 7. cxd5 cxd5 8. d4
e4 9. Ne5 Be6 10. Nc3 Bd6 11. Bf4 Qb6 12. Na4 Qc7 13. Rc1 Qb8 14. Qb3 Nxe5 15.
dxe5 Bxe5 16. Bxe5 Qxe5 17. Qxb7 O-O 18. Qc7 Qd4 19. b3 Rac8 20. Qf4 Bd7 21.
Rfd1 Qb4 22. Rxc8 Rxc8 23. Rc1 Rxc1+ 24. Qxc1 Bxa4 25. bxa4 Qxa4 26. Qc8+ Qe8
27. Qc7 Qd7 28. Qb8+ Ne8 29. Bh3 Qe7 30. Qc8 g6 31. Bd7 Kf8 32. Kg2 d4 33. Bxe8
Qxe8 34. Qc5+ Qe7 35. Qxd4 Kg8 36. a4 Qb7 37. Qd8+ Kg7 38. Qd4+ Kg8 39. e3 f5
40. a5 Qa6 41. Qd8+ Kg7 42. Qc7+ Kg8 43. h4 h5 44. Qd8+ Kg7 45. Qe7+ Kg8 46.
Qc7 Kh8 47. Qf7 Qxa5 48. Qxg6 Qa1 49. Qxh5+ Kg8 50. Qg6+ Kh8 51. Qxf5 a5 52.
Qc8+ Kg7 53. Qd7+ Kh8 54. Qe8+ Kg7 55. Qd7+ Kg8 56. g4 a4 57. Qe8+ Kg7 58. Qe7+
Kg8 59. Qe6+ Kh8 60. g5 Qd1 61. Qf6+ Kg8 62. Qe6+ Kg7 63. Qxe4 a3 64. Qe7+ Kg6
65. Qe8+ Kg7 66. Qe6 a2 67. g6 Kh6 68. g7+ Kxg7 69. Qxa2 Qg4+ 70. Kf1 Qd1+ 71.
Kg2 Qg4+ 1/2-1/2

[Event "Ligue elite du dimanche - S10"]
[Site "Montreal CAN"]
[Date "2019.03.24"]
[Round "4"]
[White "Tsukerman, Julia"]
[Black "Craciun, David"]
[Result "1-0"]
[WhiteElo "1820"]
[BlackElo "1950"]
[PlyCount "63"]
[EventDate "2019.02.10"]
[EventType "team"]
[EventRounds "5"]
[EventCountry "CAN"]
[WhiteTeam "Food Masters"]
[BlackTeam "Mannered Monkeys"]

1. e4 e5 2. Nf3 Nc6 3. Bb5 a6 4. Ba4 Nf6 5. d3 Bc5 6. O-O b5 7. Bb3 d6 8. c3
O-O 9. h3 Ne7 10. Nbd2 Ng6 11. Re1 Nh5 12. d4 exd4 13. cxd4 Bb4 14. a3 Ba5 15.
Bd5 Rb8 16. b4 Bb6 17. Nf1 Be6 18. Bb3 Kh8 19. Bg5 Qc8 20. Bxe6 fxe6 21. Be3
Nhf4 22. Kh2 e5 23. d5 Qd7 24. Rc1 Rf6 25. Ng3 Ne7 26. Bxb6 Rxb6 27. Re3 c6 28.
dxc6 Rxc6 29. Rec3 h5 30. Nxe5 Qe6 31. Nxc6 h4 32. Nh5 1-0

[Event "Ligue elite du dimanche - S10"]
[Site "Montreal CAN"]
[Date "2019.03.24"]
[Round "4"]
[White "Wu, Tony (Dongze)"]
[Black "Li, Yi Lin"]
[Result "1-0"]
[WhiteElo "1919"]
[BlackElo "2122"]
[PlyCount "39"]
[EventDate "2019.02.10"]
[EventType "team"]
[EventRounds "5"]
[EventCountry "CAN"]
[WhiteTeam "Mannered Monkeys"]
[BlackTeam "Food Masters"]

1. d4 d5 2. Nf3 Nf6 3. g3 e6 4. Bg2 c5 5. O-O Nc6 6. c4 Be7 7. Nc3 dxc4 8. Qa4
O-O 9. dxc5 Bxc5 10. Qxc4 Bb6 11. Rd1 Qe7 12. Bf4 e5 13. Bg5 Be6 14. Qh4 Qc5
15. Bxf6 Qxf2+ 16. Kh1 gxf6 17. Ne4 Qe3 18. Rd3 Qxe2 19. Nxf6+ Kg7 20. Nh5+ 1-0

[Event "Ligue elite du dimanche - S10"]
[Site "Montreal CAN"]
[Date "2019.04.07"]
[Round "5"]
[White "Huang, Qiuyu"]
[Black "Duong, Thanh Nha"]
[Result "1-0"]
[WhiteElo "2301"]
[BlackElo "2308"]
[PlyCount "67"]
[EventDate "2019.02.10"]
[EventType "team"]
[EventRounds "5"]
[EventCountry "CAN"]
[WhiteTeam "Rybkaz"]
[BlackTeam "Les Veterans"]

1. e4 c6 2. d4 g6 3. Nc3 Bg7 4. Be3 d5 5. f3 dxe4 6. Nxe4 Nf6 7. Nxf6+ Bxf6 8.
c3 O-O 9. f4 Nd7 10. Nf3 Nb6 11. Bd3 Bg4 12. h3 Bxf3 13. Qxf3 Qd5 14. Be4 Qb5
15. O-O-O a5 16. h4 a4 17. g4 Nc4 18. Rh2 Rfd8 19. g5 Bg7 20. h5 c5 21. d5 Nxe3
22. Qxe3 Qc4 23. hxg6 hxg6 24. a3 Rd6 25. Rdh1 e6 26. Rh7 Kf8 27. Rh8+ Bxh8 28.
Rxh8+ Kg7 29. Rxa8 Qf1+ 30. Kc2 exd5 31. Bd3 Qg2+ 32. Kb1 Re6 33. Qxc5 Kh7 34.
Qf8 1-0

[Event "Ligue elite du dimanche - S10"]
[Site "Montreal CAN"]
[Date "2019.04.07"]
[Round "5"]
[White "Li, Yi Lin"]
[Black "Saine, Zachary"]
[Result "0-1"]
[WhiteElo "2093"]
[BlackElo "2049"]
[PlyCount "140"]
[EventDate "2019.02.10"]
[EventType "team"]
[EventRounds "5"]
[EventCountry "CAN"]
[WhiteTeam "Food Masters"]
[BlackTeam "Kramnik's Immortals"]

1. e4 e5 2. Nf3 Nc6 3. Bb5 f5 4. d3 fxe4 5. dxe4 Nf6 6. O-O d6 7. Re1 Be7 8. a3
Bg4 9. Bg5 O-O 10. c3 Kh8 11. Nbd2 h6 12. Bxf6 Bxf6 13. Be2 Ne7 14. Nf1 Qe8 15.
Ne3 Be6 16. Nd2 Bg5 17. Bg4 Qf7 18. Bxe6 Qxf2+ 19. Kh1 Bxe3 20. Nf3 Bb6 21. b4
Rxf3 22. Qxf3 Qxf3 23. gxf3 Ng6 24. Rad1 Rf8 25. Rf1 a5 26. Bd5 Rb8 27. Rd2 Nf4
28. Bb3 Be3 29. Rc2 Kh7 30. Re1 Bb6 31. Rd1 Be3 32. Bd5 a4 33. Bc4 g5 34. Bb5
Kg7 35. Re1 Bb6 36. Rec1 Be3 37. Rb1 Ra8 38. Bd7 Kf6 39. Bb5 h5 40. Be2 Rg8 41.
Re1 Bb6 42. c4 Bd4 43. c5 Ke7 44. cxd6+ Kxd6 45. Bc4 Rf8 46. Bb5 c6 47. Bxa4 g4
48. Rf1 Ra8 49. Bb3 Rxa3 50. Bg8 gxf3 51. Rd2 Re3 52. Bh7 b6 53. Rdf2 Rb3 54.
Rxf3 Rxb4 55. Rg3 h4 56. Rg5 h3 57. Bf5 c5 58. Rg8 c4 59. Rg3 Rb3 60. Rxb3 cxb3
61. Rf3 b2 62. Rb3 Kc5 63. Bh7 Nd3 64. Bg8 Nf2+ 65. Kg1 Nxe4+ 66. Kf1 Nd2+ 67.
Ke2 Nxb3 68. Bh7 Kc4 69. Bg8+ Kc3 70. Bh7 Bg1 0-1

[Event "Ligue elite du dimanche - S10"]
[Site "Montreal CAN"]
[Date "2019.04.07"]
[Round "5"]
[White "Omichi, Haruaki"]
[Black "Bilodeau-Savaria, Carl-William"]
[Result "1-0"]
[WhiteElo "1629"]
[BlackElo "1338"]
[PlyCount "115"]
[EventDate "2019.02.10"]
[EventType "team"]
[EventRounds "5"]
[EventCountry "CAN"]
[WhiteTeam "Rybkaz"]
[BlackTeam "Les Veterans"]

1. e4 c5 2. Ne2 Nc6 3. Nbc3 Nf6 4. g3 e5 5. Bg2 a6 6. a4 b6 7. O-O Be7 8. d3
Bb7 9. f4 d6 10. f5 Nb4 11. h3 d5 12. exd5 Nbxd5 13. Ne4 Qc7 14. g4 Rd8 15. Bd2
c4 16. Rc1 Nxe4 17. Bxe4 Bc5+ 18. Kh2 Ne3 19. Bxe3 Bxe3 20. Bxb7 Bxc1 21. Bxa6
e4+ 22. Ng3 Bf4 23. Bb5+ Kf8 24. Qe1 Bxg3+ 25. Qxg3 Qxg3+ 26. Kxg3 cxd3 27. Rd1
Ke7 28. cxd3 Rd4 29. Re1 Kd6 30. dxe4 Ke5 31. Kf3 Rb4 32. Rd1 Rd4 33. Rxd4 Kxd4
34. Bc6 h5 35. g5 Kd3 36. Bd5 f6 37. g6 Rc8 38. Bb7 Rc1 39. b3 Kd4 40. Bd5 Rc3+
41. Kg2 Ke5 42. Kh2 Kf4 43. Kg2 Re3 44. Kh2 Re2+ 45. Kg1 Kg3 46. Kf1 Rc2 47.
Bc4 Kxh3 48. e5 Rg2 49. e6 Kg3 50. e7 Rf2+ 51. Ke1 Rxf5 52. e8=Q Re5+ 53. Qxe5+
fxe5 54. b4 h4 55. a5 bxa5 56. bxa5 h3 57. Bd5 Kf4 58. a6 1-0

[Event "Ligue elite du dimanche - S10"]
[Site "Montreal CAN"]
[Date "2019.04.07"]
[Round "5"]
[White "Richard, Leo"]
[Black "Tanaka, Tyler"]
[Result "1/2-1/2"]
[WhiteElo "2078"]
[BlackElo "2244"]
[PlyCount "62"]
[EventDate "2019.02.10"]
[EventType "team"]
[EventRounds "5"]
[EventCountry "CAN"]
[WhiteTeam "Les Veterans"]
[BlackTeam "Rybkaz"]

1. Nf3 Nf6 2. g3 g6 3. Bg2 Bg7 4. O-O O-O 5. d4 d6 6. c4 Nc6 7. Nc3 a6 8. e4
Bg4 9. Be3 Nd7 10. h3 Bxf3 11. Bxf3 e5 12. d5 Nd4 13. Bg2 c5 14. dxc6 bxc6 15.
b3 Qa5 16. Rc1 c5 17. Na4 Qc7 18. Nc3 Nb6 19. f4 exf4 20. gxf4 Rae8 21. Bf2 f5
22. Re1 Kh8 23. Kh1 Qd7 24. Bg3 fxe4 25. Nxe4 Nf5 26. Bh2 Bd4 27. Qd3 Re6 28.
Bg1 Bxg1 29. Rxg1 Nh4 30. Rcd1 Nxg2 31. Rxg2 Rxf4 1/2-1/2

[Event "Ligue elite du dimanche - S10"]
[Site "Montreal CAN"]
[Date "2019.04.07"]
[Round "5"]
[White "Rodrigue-Lemieux, Shawn"]
[Black "Soudre, Nicolas"]
[Result "0-1"]
[WhiteElo "2368"]
[BlackElo "2225"]
[PlyCount "54"]
[EventDate "2019.02.10"]
[EventType "team"]
[EventRounds "5"]
[EventCountry "CAN"]
[WhiteTeam "Mannered Monkeys"]
[BlackTeam "Puzzle Rushers"]

1. e4 e5 2. g3 Nf6 3. Bg2 Bc5 4. Ne2 Nc6 5. O-O d6 6. c3 Bg4 7. h3 Bh5 8. g4
Bxg4 9. hxg4 Nxg4 10. Nf4 Qh4 11. Nh3 Qg3 12. Qxg4 Qxg4 13. d3 h6 14. Re1 O-O-O
15. a4 a5 16. Na3 Qe6 17. Nc4 g5 18. Kh2 g4 19. Ne3 h5 20. Ng1 Bxe3 21. Bxe3 h4
22. f4 g3+ 23. Kh1 h3 24. Bf3 exf4 25. Bxf4 Rdg8 26. d4 Qf6 27. Ne2 Rh4 0-1

[Event "Ligue elite du dimanche - S10"]
[Site "Montreal CAN"]
[Date "2019.04.07"]
[Round "5"]
[White "Wu, Tony (Dongze)"]
[Black "Latorre, Vincent"]
[Result "1-0"]
[WhiteElo "1919"]
[BlackElo "1795"]
[PlyCount "89"]
[EventDate "2019.02.10"]
[EventType "team"]
[EventRounds "5"]
[EventCountry "CAN"]
[WhiteTeam "Mannered Monkeys"]
[BlackTeam "Puzzle Rushers"]

1. d4 Nf6 2. c4 g6 3. g3 Bg7 4. Bg2 d6 5. Nf3 O-O 6. O-O Nbd7 7. Bf4 Nh5 8. Be3
e5 9. Nc3 c6 10. Qb3 Qb6 11. dxe5 Qxb3 12. axb3 Nxe5 13. Nxe5 Bxe5 14. Rfd1 Bf5
15. Ra3 a6 16. h3 Nf6 17. g4 Be6 18. f4 Bxc3 19. bxc3 Rfe8 20. Bd4 Nd7 21. Kf2
f5 22. Kg3 Bf7 23. Bf3 Rad8 24. g5 Nc5 25. Bxc5 dxc5 26. Raa1 Kf8 27. Kf2 Be6
28. Rd3 Rd7 29. Ra5 Rxd3 30. exd3 Bd7 31. Rxc5 b6 32. Re5 Rxe5 33. fxe5 f4 34.
d4 b5 35. cxb5 axb5 36. Bg4 Be8 37. Kf3 Ke7 38. Kxf4 Bf7 39. e6 Bxe6 40. Bxe6
Kxe6 41. c4 b4 42. Ke4 Kd6 43. c5+ Ke6 44. h4 Kd7 45. d5 1-0

[Event "Ligue elite du dimanche - S10"]
[Site "Montreal CAN"]
[Date "2019.04.07"]
[Round "5"]
[White "Zhong, Kevin"]
[Black "Craciun, David"]
[Result "1-0"]
[WhiteElo "2193"]
[BlackElo "1955"]
[PlyCount "71"]
[EventDate "2019.02.10"]
[EventType "team"]
[EventRounds "5"]
[EventCountry "CAN"]
[WhiteTeam "Puzzle Rushers"]
[BlackTeam "Mannered Monkeys"]

1. e4 c5 2. Ne2 Nc6 3. Nbc3 g6 4. g3 Bg7 5. Bg2 d6 6. O-O Bd7 7. d3 Rb8 8. Bg5
h6 9. Be3 Nd4 10. Rb1 Qc8 11. b4 Bh3 12. bxc5 dxc5 13. Nb5 Bxg2 14. Kxg2 Qd7
15. c4 a6 16. Nbc3 e6 17. Na4 Qc7 18. Bxd4 cxd4 19. Qb3 Ne7 20. Qb6 Kd8 21. Nc5
Kc8 22. Rb3 Nc6 23. Rfb1 Nd8 24. Qxc7+ Kxc7 25. Nxa6+ Kc8 26. Nxb8 Kxb8 27. Rb5
Kc7 28. Nc1 Re8 29. Nb3 Re7 30. Na5 Kc8 31. c5 Rc7 32. Nc4 Bf8 33. Nb6+ Kb8 34.
a4 Bxc5 35. Rxc5 Rxc5 36. Nd7+ 1-0

[Event "Manitoba-ch Senior"]
[Site "Winnipeg CAN"]
[Date "2019.10.01"]
[Round "1.1"]
[White "Boron, Anthony"]
[Black "Remillard, John"]
[Result "1-0"]
[WhiteElo "1984"]
[BlackElo "1541"]
[PlyCount "127"]
[EventDate "2019.10.01"]
[EventType "swiss"]
[EventRounds "5"]
[EventCountry "CAN"]

1. e4 c6 2. d4 d5 3. exd5 cxd5 4. Bd3 Nc6 5. c3 Nf6 6. Bf4 g6 7. Nf3 Bg7 8.
Nbd2 O-O 9. Ne5 Nh5 10. Nxc6 bxc6 11. Be3 e5 12. dxe5 Bxe5 13. O-O Nf4 14. Nf3
Bg4 15. Bxf4 Bxf4 16. h3 Bd7 17. c4 Qb6 18. Qc2 Rac8 19. Rfe1 Rfe8 20. c5 Qc7
21. Qa4 Rxe1+ 22. Rxe1 Re8 23. Rxe8+ Bxe8 24. Qc2 Qe7 25. b4 Qf6 26. Qb1 Qc3
27. g3 Qc1+ 28. Kg2 Qxb1 29. Bxb1 Bc1 30. Nd4 Bb2 31. Nc2 Bd7 32. g4 f5 33. f3
Kf7 34. Ne1 Bc3 35. Nd3 Kf6 36. Bc2 fxg4 37. fxg4 h5 38. Kg3 hxg4 39. hxg4 g5
40. Bb3 Be8 41. b5 Bd4 42. bxc6 Bxc6 43. Nb4 Be8 44. c6 Be5+ 45. Kf3 Bf7 46.
Bxd5 Bxd5+ 47. Nxd5+ Ke6 48. c7 Kd7 49. Ke4 Bb2 50. Kf5 Bc1 51. Kf6 Bd2 52. Kf5
Bc1 53. Nf6+ Kxc7 54. Nh7 Kd7 55. Nxg5 Kc6 56. Ne6 Kb5 57. Nf4 Ka4 58. g5 Bb2
59. Nd3 Bc3 60. Ne5 Bd2 61. g6 Bh6 62. Ke6 Ka3 63. Kf7 Kxa2 64. Ng4 1-0

[Event "Manitoba-ch Senior"]
[Site "Winnipeg CAN"]
[Date "2019.10.01"]
[Round "1.2"]
[White "Gannon, Keith"]
[Black "Czypinski, Jaroslaw"]
[Result "0-1"]
[WhiteElo "1534"]
[BlackElo "1972"]
[PlyCount "108"]
[EventDate "2019.10.01"]
[EventType "swiss"]
[EventRounds "5"]
[EventCountry "CAN"]

1. Nf3 Nf6 2. g3 b6 3. Bg2 Bb7 4. d4 e6 5. c4 Bb4+ 6. Bd2 Qe7 7. a3 Bxd2+ 8.
Nbxd2 O-O 9. O-O d6 10. b4 c5 11. bxc5 dxc5 12. dxc5 Qxc5 13. Qb3 Nc6 14. Qb5
Qe7 15. Qb2 Rfd8 16. Rfd1 Rd7 17. Ne5 Nxe5 18. Qxe5 Bxg2 19. Kxg2 Rad8 20. Qb2
Ne4 21. Nxe4 Rxd1 22. Rxd1 Rxd1 23. f3 Qd8 24. c5 bxc5 25. Nxc5 h6 26. a4 Qb6
27. Qxb6 axb6 28. Nd3 Rd2 29. Kf2 Ra2 30. h4 Rxa4 31. g4 Kf8 32. f4 Ke7 33. g5
hxg5 34. hxg5 b5 35. Ke3 Ra3 36. Kd4 Kd6 37. Ne5 Ra4+ 38. Ke3 Ra7 39. Kd3 Rc7
40. e4 Kc5 41. f5 exf5 42. exf5 Kd5 43. Nf3 b4 44. Nd2 Rc3+ 45. Ke2 Rc2 46. g6
f6 47. Kd3 Rxd2+ 48. Kxd2 Ke5 49. Kc2 Kxf5 50. Kb3 Kxg6 51. Kxb4 Kf5 52. Kc3
Ke4 53. Kd2 Kf3 54. Ke1 Kg2 0-1

[Event "Manitoba-ch Senior"]
[Site "Winnipeg CAN"]
[Date "2019.10.01"]
[Round "1.3"]
[White "Annakkage, Udaya"]
[Black "Leaden, Bruce"]
[Result "1-0"]
[WhiteElo "1818"]
[BlackElo "1500"]
[PlyCount "71"]
[EventDate "2019.10.01"]
[EventType "swiss"]
[EventRounds "5"]
[EventCountry "CAN"]

1. e4 e6 2. d4 d5 3. Nd2 Nf6 4. e5 Nfd7 5. Bd3 c5 6. c3 Nc6 7. Ne2 Qb6 8. Nf3
Be7 9. O-O f6 10. exf6 Nxf6 11. Qc2 c4 12. Bxc4 dxc4 13. Re1 O-O 14. Nf4 Bd7
15. Nxe6 Bxe6 16. Rxe6 Rae8 17. Ng5 h6 18. Rxf6 hxg5 19. Rg6 Bf6 20. Bxg5 Ne7
21. Bxf6 Nxg6 22. Bg5 Qe6 23. h3 Qe2 24. Qxg6 Qxf2+ 25. Kh2 Re2 26. Bh6 Rf7 27.
Bc1 Qf6 28. Qg3 Qe7 29. Bf4 Qe4 30. Be5 Ref2 31. b3 Qd3 32. bxc4 Qxc4 33. a3
Rc2 34. Qg5 Rd7 35. Qg6 Qf7 36. Qxc2 1-0

[Event "Manitoba-ch Senior"]
[Site "Winnipeg CAN"]
[Date "2019.10.01"]
[Round "1.4"]
[White "Magyar, Peter"]
[Black "Melnyk, Jim"]
[Result "1/2-1/2"]
[WhiteElo "1468"]
[BlackElo "1671"]
[Annotator "wspe"]
[PlyCount "104"]
[EventDate "2019.10.01"]
[EventType "swiss"]
[EventRounds "5"]
[EventCountry "CAN"]

1. d4 d6 2. Bf4 c6 3. e3 Nf6 4. h3 Bf5 5. Nf3 h6 6. Be2 Nbd7 7. Nbd2 Qc7 8. c3
e5 9. Bh2 e4 10. Nh4 Bh7 11. g4 Be7 12. Nf5 Bxf5 13. gxf5 Qa5 14. Bg4 h5 15.
Nc4 Qd5 16. Be2 Nb6 17. Qb3 Nxc4 18. Bxc4 Qxf5 19. Bxf7+ Kf8 20. Be6 Qb5 21.
Qxb5 cxb5 22. Bb3 a5 23. a3 Rc8 24. Ke2 g5 25. Rhg1 g4 26. Bf4 Kg7 27. hxg4
Nxg4 28. Be6 Rcd8 29. Bxg4 hxg4 30. Rxg4+ Kf7 31. Rag1 Rdg8 32. Bg5 Bxg5 33.
Rxg5 Rxg5 34. Rxg5 b6 35. Rxb5 Rb8 36. f3 exf3+ 37. Kxf3 Ke6 38. e4 Rb7 39. Rf5
Rb8 40. d5+ Ke7 41. e5 dxe5 42. Rxe5+ Kd6 43. Ke4 b5 44. Kd4 b4 45. c4 bxa3 46.
c5+ Kd7 47. bxa3 Rb3 48. Re3 Rb1 49. c6+ Kd6 50. Rc3 Rd1+ 51. Rd3 Rb1 52. Rc3
Rd1+ 1/2-1/2

[Event "Manitoba-ch Senior"]
[Site "Winnipeg CAN"]
[Date "2019.10.08"]
[Round "2.1"]
[White "Annakkage, Udaya"]
[Black "Boron, Anthony"]
[Result "0-1"]
[WhiteElo "1818"]
[BlackElo "1984"]
[PlyCount "92"]
[EventDate "2019.10.01"]
[EventType "swiss"]
[EventRounds "5"]
[EventCountry "CAN"]

1. e4 e6 2. d4 d5 3. Nd2 c5 4. c3 cxd4 5. cxd4 dxe4 6. Nxe4 Nf6 7. Bd3 Bd7 8.
Nf3 Nxe4 9. Bxe4 Bb4+ 10. Bd2 Bxd2+ 11. Qxd2 Bc6 12. Bxc6+ Nxc6 13. O-O O-O 14.
Rad1 Qd5 15. a3 Rfd8 16. Rfe1 Rd6 17. Qd3 Rad8 18. Re4 g6 19. Qe3 Qf5 20. Rh4
Qf6 21. Rf4 Qg7 22. h4 e5 23. Re4 exd4 24. Qd3 Qf6 25. g4 Re6 26. Rde1 Rde8 27.
Kg2 Rxe4 28. Rxe4 Rxe4 29. Qxe4 Qd6 30. Qd3 Qf4 31. Kh3 a6 32. b4 Ne5 33. Nxe5
Qxe5 34. f3 b5 35. Kg2 Qd5 36. Kf2 Qd6 37. Kg2 Kf8 38. Qd2 d3 39. f4 Qd4 40.
Kf3 f5 41. g5 Ke7 42. Kg2 Kd6 43. Kf3 Qe4+ 44. Kf2 Kd5 45. Qa2+ Qc4 46. Qb2
Qd4+ 0-1

[Event "Manitoba-ch Senior"]
[Site "Winnipeg CAN"]
[Date "2019.10.08"]
[Round "2.2"]
[White "Czypinski, Jaroslaw"]
[Black "Reimer, Bruce"]
[Result "1-0"]
[WhiteElo "1972"]
[BlackElo "1545"]
[PlyCount "69"]
[EventDate "2019.10.01"]
[EventType "swiss"]
[EventRounds "5"]
[EventCountry "CAN"]

1. Nf3 d6 2. d4 g6 3. c4 Bg7 4. Nc3 a6 5. Bg5 h6 6. Bh4 g5 7. Bg3 Nf6 8. e3 Nh5
9. Be2 Nxg3 10. hxg3 b6 11. Qc2 Bb7 12. O-O Nd7 13. Rad1 c6 14. b4 Qc7 15. a3
a5 16. Rb1 axb4 17. axb4 O-O 18. Ra1 Rfb8 19. Ne4 f6 20. g4 Nf8 21. Ng3 Bc8 22.
Nf5 Ra7 23. Rxa7 Qxa7 24. Qe4 Bxf5 25. Qxf5 Qd7 26. Ra1 Qxf5 27. gxf5 e6 28.
Bd3 c5 29. Be4 cxb4 30. fxe6 b5 31. cxb5 Re8 32. Ra8 Rxa8 33. Bxa8 Nxe6 34. Bd5
Kf7 35. b6 1-0

[Event "Manitoba-ch Senior"]
[Site "Winnipeg CAN"]
[Date "2019.10.08"]
[Round "2.3"]
[White "Melnyk, Jim"]
[Black "Remillard, John"]
[Result "1-0"]
[WhiteElo "1671"]
[BlackElo "1541"]
[PlyCount "87"]
[EventDate "2019.10.01"]
[EventType "swiss"]
[EventRounds "5"]
[EventCountry "CAN"]

1. e4 c6 2. Nc3 d5 3. Nf3 dxe4 4. Nxe4 Bg4 5. d4 e6 6. Be3 Nd7 7. h3 Bf5 8. Bd3
Bxe4 9. Bxe4 Ngf6 10. Bd3 Be7 11. O-O Nd5 12. Bd2 b5 13. a3 a5 14. c3 Qb8 15.
Qc1 c5 16. c4 bxc4 17. Bxc4 O-O 18. Qd1 N5b6 19. Be2 Rc8 20. dxc5 Nxc5 21. Rc1
Rd8 22. Qc2 Rc8 23. Qb1 Bf6 24. b4 axb4 25. Bxb4 Ncd7 26. Rxc8+ Qxc8 27. Rc1
Qb8 28. Qb3 Nd5 29. Rb1 Nxb4 30. axb4 Ra1 31. Rxa1 Bxa1 32. Qd3 Nb6 33. Qc4 Nd5
34. b5 Bf6 35. Qc6 h6 36. Bc4 Nb6 37. Bf1 Kf8 38. Ne1 Be5 39. Nd3 Bh2+ 40. Kh1
Qc7 41. g3 Bxg3 42. fxg3 Qxg3 43. Qxb6 Qf3+ 44. Kh2 1-0

[Event "Manitoba-ch Senior"]
[Site "Winnipeg CAN"]
[Date "2019.10.08"]
[Round "2.4"]
[White "Leaden, Bruce"]
[Black "Magyar, Peter"]
[Result "1-0"]
[WhiteElo "1500"]
[BlackElo "1468"]
[Annotator "wspe"]
[PlyCount "55"]
[EventDate "2019.10.01"]
[EventType "swiss"]
[EventRounds "5"]
[EventCountry "CAN"]

1. f4 d5 2. Nf3 Bf5 3. b3 e6 4. Bb2 Nf6 5. Nc3 a6 6. d3 Nbd7 7. h3 h6 8. Qd2 b5
9. g4 Bh7 10. Bg2 Bc5 11. Ne5 Nb8 12. O-O-O c6 13. h4 Qb6 14. d4 Bxd4 15. Qxd4
c5 16. Qf2 Nbd7 17. g5 Nxe5 18. gxf6 Ng4 19. Qg3 h5 20. Rhe1 Rd8 21. Bh3 Ne3
22. Qxg7 Bg6 23. Qxh8+ Kd7 24. Rxd5+ Nxd5 25. Nxd5 Qd6 26. Qh6 Qb8 27. Be5 Qa8
28. Nb6+ 1-0

[Event "Manitoba-ch Senior"]
[Site "Winnipeg CAN"]
[Date "2019.10.15"]
[Round "3.1"]
[White "Boron, Anthony"]
[Black "Czypinski, Jaroslaw"]
[Result "1-0"]
[WhiteElo "1984"]
[BlackElo "1972"]
[PlyCount "105"]
[EventDate "2019.10.01"]
[EventType "swiss"]
[EventRounds "5"]
[EventCountry "CAN"]

1. b3 e6 2. c4 b6 3. Nf3 Bb7 4. g3 Nf6 5. Bg2 Be7 6. O-O O-O 7. Bb2 c5 8. Nc3
Ne4 9. Qc2 d5 10. Nxe4 dxe4 11. Ne5 f5 12. Rad1 Qc7 13. d3 Bf6 14. f4 exf3 15.
Nxf3 Bxb2 16. Qxb2 Nc6 17. Ng5 Qe7 18. Nxe6 Rf6 19. Nf4 Nd4 20. Bxb7 Qxb7 21.
Nd5 Rf7 22. e3 Nc6 23. Qg2 Re8 24. Rde1 Qd7 25. Qc2 Ne7 26. Nf4 Ng6 27. Nd5 Ne7
28. Qg2 Rd8 29. e4 Nxd5 30. exd5 Re8 31. Qf2 Rxe1 32. Rxe1 Re7 33. Re2 g6 34.
Qe1 Rxe2 35. Qxe2 Kf7 36. Qe5 g5 37. Kf2 h5 38. Qh8 Kg6 39. Qg8+ Kf6 40. Qf8+
Kg6 41. Qa8 Kf6 42. Qh8+ Kg6 43. h4 gxh4 44. gxh4 Qf7 45. Qe5 Kh7 46. d6 Kg8
47. Kf3 Qd7 48. Kf4 Qd8 49. Qe6+ Kh8 50. Qh6+ Kg8 51. Qg6+ Kh8 52. Qxh5+ Kg7
53. Qg5+ 1-0

[Event "Manitoba-ch Senior"]
[Site "Winnipeg CAN"]
[Date "2019.10.15"]
[Round "3.2"]
[White "Melnyk, Jim"]
[Black "Annakkage, Udaya"]
[Result "1/2-1/2"]
[WhiteElo "1671"]
[BlackElo "1818"]
[PlyCount "152"]
[EventDate "2019.10.01"]
[EventType "swiss"]
[EventRounds "5"]
[EventCountry "CAN"]

1. e4 Nf6 2. e5 Nd5 3. d4 d6 4. exd6 cxd6 5. Nf3 g6 6. Bc4 Nb6 7. Bb3 Bg7 8.
O-O O-O 9. c3 Nc6 10. Re1 Bd7 11. Nbd2 Rc8 12. Nf1 Na5 13. Bc2 Nd5 14. Ne3 Nf6
15. Bd3 b5 16. a3 a6 17. Nc2 Nb3 18. Rb1 Nxc1 19. Qxc1 Re8 20. Qd2 Bc6 21. Be2
Qb6 22. Nb4 Bb7 23. Rbd1 a5 24. Nd3 Qc6 25. Bf1 Qc7 26. Be2 Ng4 27. Qg5 Nf6 28.
Qxb5 Rb8 29. Qa4 Bd5 30. Nd2 Bh6 31. Qc2 Ne4 32. Nxe4 Bxe4 33. Bf1 Qb7 34. Rb1
Rec8 35. Qe2 Bxd3 36. Qxd3 Bg7 37. Qa6 Qc7 38. Qd3 e6 39. b4 axb4 40. Rxb4 Ra8
41. c4 Qa5 42. Ra1 e5 43. dxe5 Bxe5 44. Ra2 Qc5 45. Rb5 Qa7 46. Qb3 Bd4 47. Rb7
Qa4 48. Qf3 Qe8 49. Re2 Be5 50. Qd5 Qf8 51. Ra2 Rab8 52. Rxb8 Rxb8 53. g3 Rb1
54. Kg2 Qc8 55. a4 Qb8 56. a5 Bc3 57. a6 Qa7 58. Qxd6 Rb2 59. Rxb2 Bxb2 60. c5
Ba3 61. Qc6 Bxc5 62. f3 Bg1 63. Qc2 Bb6 64. Qc8+ Kg7 65. Qb7 Bg1 66. Qxa7 Bxa7
67. Bd3 Kf6 68. f4 h5 69. Kf3 Ke6 70. h3 Kf6 71. Ke4 g5 72. f5 Ke7 73. Kd5 Kd7
74. Bc4 f6 75. Ke4 h4 76. g4 Kd6 1/2-1/2

[Event "Manitoba-ch Senior"]
[Site "Winnipeg CAN"]
[Date "2019.10.15"]
[Round "3.3"]
[White "Reimer, Bruce"]
[Black "Leaden, Bruce"]
[Result "1/2-1/2"]
[WhiteElo "1545"]
[BlackElo "1500"]
[PlyCount "99"]
[EventDate "2019.10.01"]
[EventType "swiss"]
[EventRounds "5"]
[EventCountry "CAN"]

1. c4 e6 2. g3 f5 3. Bg2 Nf6 4. d4 Be7 5. Nc3 O-O 6. b3 d6 7. Bb2 e5 8. e3 e4
9. Nge2 Nc6 10. a3 a6 11. h4 Ng4 12. d5 Nce5 13. Nc1 Bd7 14. N3e2 b5 15. Bxe5
Nxe5 16. Nf4 Bf6 17. Ra2 Qe8 18. a4 bxc4 19. bxc4 Nxc4 20. O-O Rb8 21. Qe2 Ne5
22. Qc2 c6 23. Rd1 c5 24. Nh5 Qxh5 25. Ne2 a5 26. Nf4 Qe8 27. Bf1 Rb4 28. Rb1
Rxb1 29. Qxb1 Nf3+ 30. Kh1 Bc3 31. Qb6 Qe5 32. Bg2 g5 33. Bxf3 gxf4 34. exf4
Qxd5 35. Be2 Qxa2 36. Bf1 Qd5 37. Qa6 e3+ 38. Kh2 Bc6 39. Bc4 e2 40. Bxd5+ Bxd5
41. Qxe2 Bb4 42. Qd3 Bf7 43. Qxd6 c4 44. Qe5 Bg6 45. Qe6+ Bf7 46. Qxf5 c3 47.
Qg5+ Kh8 48. Qe5+ Kg8 49. Qg5+ Kh8 50. Qe5+ 1/2-1/2

[Event "Manitoba-ch Senior"]
[Site "Winnipeg CAN"]
[Date "2019.10.15"]
[Round "3.4"]
[White "Magyar, Peter"]
[Black "Gannon, Keith"]
[Result "1-0"]
[WhiteElo "1468"]
[BlackElo "1534"]
[PlyCount "39"]
[EventDate "2019.10.01"]
[EventType "swiss"]
[EventRounds "5"]
[EventCountry "CAN"]

1. d4 d5 2. Bf4 Nc6 3. c3 e6 4. e3 Nf6 5. Be2 Be7 6. h3 O-O 7. Nf3 a6 8. O-O
Ne4 9. Nbd2 Nxd2 10. Qxd2 Bf6 11. a3 b5 12. Bd3 h6 13. e4 Bb7 14. e5 Be7 15.
Bxh6 gxh6 16. Qxh6 f5 17. exf6 Rxf6 18. Qh7+ Kf8 19. Qh8+ Kf7 20. Ng5# 1-0

[Event "Manitoba-ch Senior"]
[Site "Winnipeg CAN"]
[Date "2019.10.15"]
[Round "3.5"]
[White "Remillard, John"]
[Black "Motkaluk, Ed"]
[Result "1-0"]
[WhiteElo "1541"]
[BlackElo "1400"]
[PlyCount "44"]
[EventDate "2019.10.01"]
[EventType "swiss"]
[EventRounds "5"]
[EventCountry "CAN"]

1. Nf3 d5 2. e3 Nf6 3. c4 Bg4 4. Qa4+ Bd7 5. Qb3 Bc6 6. Nc3 dxc4 7. Bxc4 e6 8.
O-O a5 9. a4 Bd6 10. Ng5 h6 11. Nh3 Ng4 12. Bxe6 Qe7 13. Bxg4 h5 14. Be2 h4 15.
Bb5 Rh6 16. Nd5 Qe5 17. f4 Qh5 18. Ng5 Bc5 19. Nxc7+ Kf8 20. Bxc6 Ra7 21. Bd5
Rf6 22. Bf3 Qh7 1-0